Swahili : infixes objet - Statistiques

Statistiques générales
  • Ce quiz a été pris 29 fois
  • Le résultat moyen est 6 sur 13
Statistiques - réponses
Hint Réponse % Correct
Classe 3 u
100%
Classe 4 i
75%
Classe 5 li
75%
Classe 7 ki
50%
Classe 8 vi
50%
Classe 6 ya
50%
Classe 9 i
25%
Classe 15 ku
25%
Classe 17 ku
25%
Classe 18 mu
25%
Classe 16 pa
25%
Classe 10 zi
25%
Classe 11 u
0%
Aucun quiz correspondant
Distribution des résultats
% des personnes avec chaque résultat
Percentile par nombre de réponses
Votre historique - résultats
Vous n’avez pas pris ce quiz